Statistiques concernant Grand Lacs d'Amerique du Nord Quiz

Cliquez ici pour prendre le quiz!

Statistiques générales

  • Ce quiz a été pris 9 940 fois
  • Le résultat moyen est 3 sur 5

Réponses sur la Carte

Les réponses sont colorées sur une échelle allant du rouge au vert en fonction du pourcentage des utilisateurs qui les ont devinées à leur premier essai. Vous pouvez retrouver ces pourcentages ci-dessous.
 

Statistiques - réponses

Lac% Correct
Lac Michigan
87%
Lac Supérieur
77%
Lac Ontario
64%
Lac Érié
60%
Lac Huron
47%

Distribution des résultats

Percentile par nombre de réponses

% des personnes avec chaque résultat

Votre développement - résultats

Vous n’avez pas pris ce quiz